00541 2200193 4500001002100000005001500021035002000036245002700056100001700083250002000100300003200120856001800152260006500170082001600235084002200251020002200273650002600295650002600321INLIS00000000000003020250710113444 a0010-07250000301 aStreet /cErna fitrini0 aErna fitrini aCetakan pertama a28 hlm. :bIlus. ;c29,7 cm aTBM As suhada aRawamangun :bBadan pengembangan dan pembinaan bahasa,c2022 a398.209 598 a398.209 598 ERN s a978-623-307-159-8 4aCerita anak-indonesia 4aLiterasi-bahan bacaan